004130000a220010900045001000022000002450074000223000046000967730046001429420008001889520090001969990017002861 aRollinson, Andrew10aHow many sexuality? : Norms and diversity in ethics and pastoral care aVol. 18, Num. 2 (2000), Páginas 128-1410 tScottish Bulletin of Evangelical Theology cANA 001040708HEMaFUSBCbFUSBCd2016-01-26l0o r2016-01-26 00:00:00w2016-01-26yANA c55764d55764